|
|
|
|
| LEADER |
01525nam a2200385 a 4500 |
| 001 |
000721580 |
| 003 |
CZ BrMZK |
| 005 |
20100518142515.0 |
| 007 |
ta |
| 008 |
040614s2004 xr a e 000 0 czeoc |
| 015 |
|
|
|a cnb001316583
|
| 020 |
|
|
|a 80-245-0711-0
|q (brož.)
|
| 035 |
|
|
|a (OCoLC)85108182
|
| 040 |
|
|
|a ABA001
|b cze
|d BOA001
|
| 043 |
|
|
|a e-xr---
|
| 072 |
|
7 |
|a 364
|x Sociální problémy vyžadující podporu a pomoc. Sociální zabezpečení
|2 Konspekt
|9 18
|
| 080 |
|
|
|a 364.35/.37-2
|2 MRF
|
| 080 |
|
|
|a 368.914.03
|2 MRF
|
| 080 |
|
|
|a (437.3)
|2 MRF
|
| 080 |
|
|
|a (048.8)
|2 MRF
|
| 100 |
1 |
|
|a Kubíček, Jan
|7 ola2003167524
|4 aut
|
| 245 |
1 |
0 |
|a Fondový penzijní systém v konvergující ekonomice /
|c Jan Kubíček
|
| 260 |
|
|
|a Praha :
|b Oeconomica,
|c 2004
|
| 300 |
|
|
|a 24 s. :
|b il. ;
|c 21 cm
|
| 490 |
1 |
|
|a Working papers ;
|v no. 1/2004
|
| 500 |
|
|
|a Pod názvem: Institut pro ekonomickou a ekologickou politiku, Vysoká škola ekonomická v Praze, Fakulta národohospodářská
|
| 504 |
|
|
|a Obsahuje bibliografii
|
| 650 |
0 |
7 |
|a důchodové systémy
|7 ph119756
|2 czenas
|
| 650 |
0 |
7 |
|a důchodové systémy
|7 ph119756
|z Česko
|2 czenas
|
| 655 |
|
7 |
|a studie
|7 fd133597
|2 czenas
|
| 710 |
2 |
|
|a Vysoká škola ekonomická v Praze.
|b Institut pro ekonomickou a ekologickou politiku
|7 olak2003164556
|
| 810 |
2 |
|
|a Vysoká škola ekonomická v Praze.
|t Working papers
|0 s
|
| 910 |
|
|
|a BOA001
|b 2-1136.364
|
| 990 |
|
|
|a BK
|
| 996 |
6 |
|
|b 2610225221
|c 2-1136.364
|l MZK
|r Sklad / do 1 hodiny
|n 13
|p p.v.
|w 000721580
|u 000010
|a 1
|e BOA001
|j MZK50
|s P
|